[Event "HUN-chT2 Maroczy 0506"]
[Site "Hungary"]
[Date "2006.04.09"]
[Round "10"]
[White "Hando, Vilmos"]
[Black "Varadi, Alexandra"]
[Result "1-0"]
[WhiteElo "2006"]
[BlackElo "1969"]
[PlyCount "25"]
[EventDate "2005.10.16"]
[EventType "team"]
[EventRounds "11"]
[EventCountry "HUN"]
[SourceTitle "EXT 2009"]
[Source "ChessBase"]
[SourceDate "2008.11.26"]
[SourceVersion "1"]
[SourceVersionDate "2008.11.26"]
[SourceQuality "1"]
[WhiteTeam "Kazincbarcika"]
[BlackTeam "Edeleny"]
[WhiteTeamCountry "HUN"]
[BlackTeamCountry "HUN"]

1. e4 c6 2. d4 d5 3. Nc3 dxe4 4. Nxe4 Nd7 5. Bd3 Ngf6 6. Ng5 e6 7. N1f3 h6 8. Nxe6 Qe7 9. 0-0 fxe6 10. Bg6+ Kd8 11. Bf4 Nd5 12. Bg3 Qf6 13. Bh4 1-0

[Event "HUN-chT2 Maroczy 0506"]
[Site "Hungary"]
[Date "2006.03.19"]
[Round "9"]
[White "Varadi, Alexandra"]
[Black "Fabian, Csaba"]
[Result "1-0"]
[WhiteElo "1969"]
[BlackElo "1764"]
[PlyCount "45"]
[EventDate "2005.10.16"]
[EventType "team"]
[EventRounds "11"]
[EventCountry "HUN"]
[SourceTitle "EXT 2009"]
[Source "ChessBase"]
[SourceDate "2008.11.26"]
[SourceVersion "1"]
[SourceVersionDate "2008.11.26"]
[SourceQuality "1"]
[WhiteTeam "Edeleny"]
[BlackTeam "Honved II"]
[WhiteTeamCountry "HUN"]
[BlackTeamCountry "HUN"]

1. d4 d5 2. c4 c6 3. Qc2 e6 4. Nf3 Nf6 5. Bf4 Bd6 6. Ne5 Bxe5 7. Bxe5 Nbd7 8. Nd2 Nxe5 9. dxe5 Nd7 10. f4 0-0 11. g3 f5 12. exf6 Qxf6 13. Bh3 Nb6 14. c5 Nd7 15. Nf3 h6 16. 0-0 Qe7 17. b4 Qf6 18. e4 Re8 19. Rae1 Kf7 20. exd5 cxd5 21. Ng5+ Kg8 22. Bxe6+ Rxe6 23. Qh7+ 1-0

[Event "HUN-chT2 Maroczy 0506"]
[Site "Hungary"]
[Date "2005.11.27"]
[Round "4"]
[White "Bor, Ferenc"]
[Black "Varadi, Alexandra"]
[Result "1-0"]
[WhiteElo "2074"]
[BlackElo "1969"]
[PlyCount "79"]
[EventDate "2005.10.16"]
[EventType "team"]
[EventRounds "11"]
[EventCountry "HUN"]
[SourceTitle "EXT 2009"]
[Source "ChessBase"]
[SourceDate "2008.11.26"]
[SourceVersion "1"]
[SourceVersionDate "2008.11.26"]
[SourceQuality "1"]
[WhiteTeam "Koszolg"]
[BlackTeam "Edeleny"]
[WhiteTeamCountry "HUN"]
[BlackTeamCountry "HUN"]

1. e4 c6 2. d4 d5 3. e5 Bf5 4. Bd3 Bxd3 5. Qxd3 Qa5+ 6. Bd2 Qa6 7. Qe3 e6 8. b3 Nd7 9. Ne2 c5 10. c3 Ne7 11. g4 Nc6 12. 0-0 Be7 13. f4 cxd4 14. cxd4 0-0-0 15. Rc1 Kb8 16. Nbc3 Ba3 17. Rd1 Rc8 18. Bc1 Be7 19. a3 Rc7 20. Rb1 Bxa3 21. Bxa3 Qxa3 22. Nb5 Qe7 23. Nxc7 Kxc7 24. Rdc1 Kb8 25. Kg2 f6 26. Ra1 g5 27. exf6 Nxf6 28. fxg5 Ne4 29. h4 h6 30. Ng3 hxg5 31. Nxe4 dxe4 32. h5 Rd8 33. Rc4 Qg7 34. Rd1 Ne5 35. Qg3 Rd6 36. Rc5 Nf7 37. Rdc1 a6 38. Rc7 Ka7 39. Rf1 Qxd4 40. Rcxf7 1-0

[Event "HUN-chT2 Maroczy 0405"]
[Site "Hungary"]
[Date "2005.02.20"]
[Round "8"]
[White "Balogh, Laszlo"]
[Black "Varadi, Alexandra"]
[Result "1-0"]
[WhiteElo "2131"]
[BlackElo "1952"]
[PlyCount "75"]
[EventDate "2004.09.26"]
[EventType "team"]
[EventRounds "11"]
[EventCountry "HUN"]
[SourceTitle "EXT 2008"]
[Source "ChessBase"]
[SourceDate "2007.11.25"]
[SourceVersion "1"]
[SourceVersionDate "2007.11.25"]
[SourceQuality "1"]
[WhiteTeam "Sarospatak"]
[BlackTeam "Edeleny"]
[WhiteTeamCountry "HUN"]
[BlackTeamCountry "HUN"]

1. d4 d5 2. c4 c6 3. Nf3 Nf6 4. cxd5 cxd5 5. Nc3 Nc6 6. Bf4 e6 7. e3 a6 8. Bd3 Bd6 9. Bg5 h6 10. Bh4 Be7 11. Rc1 0-0 12. 0-0 Bd7 13. Bb1 Rc8 14. a3 Na5 15. Ne5 Ne8 16. Qc2 f5 17. Bxe7 Qxe7 18. Ng6 Qg5 19. Nxf8 Kxf8 20. Ba2 Nf6 21. Qd2 Nc6 22. b4 Ne7 23. Bb1 Be8 24. Ne2 Rxc1 25. Rxc1 Ng6 26. Nf4 Nxf4 27. exf4 Qh4 28. f3 g5 29. fxg5 hxg5 30. Qe3 Bd7 31. Bd3 g4 32. fxg4 Nxg4 33. Qf4 Qf6 34. Rc7 e5 35. dxe5 Nxe5 36. Bf1 Qb6+ 37. Rc5 Nf7 38. Qd4 1-0

[Event "HUN-chT U20"]
[Site "Budapest"]
[Date "2004.12.30"]
[Round "7"]
[White "Honsch, Kamilla"]
[Black "Varadi, Alexandra"]
[Result "0-1"]
[WhiteElo "1815"]
[BlackElo "1952"]
[PlyCount "78"]
[EventDate "2004.12.27"]
[EventType "team"]
[EventRounds "7"]
[EventCountry "HUN"]
[SourceTitle "EXT 2008"]
[Source "ChessBase"]
[SourceDate "2007.11.25"]
[SourceVersion "1"]
[SourceVersionDate "2007.11.25"]
[SourceQuality "1"]

1. c4 e5 2. Nc3 c6 3. Nf3 d6 4. g3 Be6 5. d3 f6 6. Bg2 Ne7 7. 0-0 d5 8. c5 Na6 9. Na4 Ng6 10. d4 Bg4 11. h3 Bxf3 12. exf3 exd4 13. Qxd4 Be7 14. a3 Nc7 15. b4 a5 16. Nb6 Ra7 17. Bb2 Ne5 18. Rfe1 Na8 19. f4 Ng6 20. Na4 0-0 21. h4 axb4 22. axb4 Re8 23. Nc3 Rxa1 24. Rxa1 b6 25. Bh3 bxc5 26. bxc5 Qb8 27. Rb1 Qa7 28. Ra1 Bxc5 29. Qd2 Qe7 30. Qc2 Nb6 31. Bf5 Nf8 32. Bd3 Bb4 33. Qb3 Bc5 34. Ba3 Nbd7 35. Bb2 Bxf2+ 36. Kg2 Qe3 37. Ne2 Nc5 38. Bd4 Nxb3 39. Bxe3 Bxe3 0-1

[Event "HUN-chT U20"]
[Site "Budapest"]
[Date "2004.12.30"]
[Round "6"]
[White "Varadi, Alexandra"]
[Black "Temesi, Melinda"]
[Result "1-0"]
[WhiteElo "2004"]
[BlackElo "1669"]
[PlyCount "53"]
[EventDate "2004.12.27"]
[EventType "team"]
[EventRounds "7"]
[EventCountry "HUN"]
[SourceTitle "EXT 2008"]
[Source "ChessBase"]
[SourceDate "2007.11.25"]
[SourceVersion "1"]
[SourceVersionDate "2007.11.25"]
[SourceQuality "1"]

1. d4 d5 2. c4 dxc4 3. Qa4+ Nc6 4. e3 a6 5. Bxc4 Bd7 6. Qb3 e6 7. Bd2 b5 8. Bd3 Nf6 9. Nc3 Bd6 10. Nf3 0-0 11. a3 Na7 12. 0-0 Rc8 13. Rac1 c5 14. dxc5 Bxc5 15. Rfd1 Qe7 16. Ne4 Bb6 17. Bb4 Qd8 18. Rxc8 Nxc8 19. Nxf6+ Qxf6 20. Bxf8 Kxf8 21. Bxh7 Bc6 22. Qb4+ Ke8 23. Be4 Bd7 24. Bb7 a5 25. Qd2 Qe7 26. Ne5 Bc7 27. Nxd7 1-0

[Event "HUN-chT U20"]
[Site "Budapest"]
[Date "2004.12.28"]
[Round "3"]
[White "Merenyi, Tamas"]
[Black "Varadi, Alexandra"]
[Result "0-1"]
[WhiteElo "2128"]
[BlackElo "1952"]
[PlyCount "90"]
[EventDate "2004.12.27"]
[EventType "team"]
[EventRounds "7"]
[EventCountry "HUN"]
[SourceTitle "EXT 2008"]
[Source "ChessBase"]
[SourceDate "2007.11.25"]
[SourceVersion "1"]
[SourceVersionDate "2007.11.25"]
[SourceQuality "1"]

1. e4 c6 2. d4 d5 3. Nc3 dxe4 4. Nxe4 Nd7 5. Nf3 Ngf6 6. Nxf6+ Nxf6 7. Bc4 e6 8. 0-0 c5 9. Bg5 a6 10. dxc5 Qxd1 11. Raxd1 Bxc5 12. Bxf6 gxf6 13. Rd3 b5 14. Bb3 Bb7 15. Re1 Rg8 16. g3 f5 17. Ne5 Be4 18. Rd2 Bb6 19. Nd7 Ba5 20. Nf6+ Kf8 21. c3 b4 22. Nxe4 fxe4 23. Rxe4 bxc3 24. bxc3 Bxc3 25. Rd3 Ba5 26. Rd7 Rd8 27. Ra7 Rd6 28. Ra8+ Bd8 29. Ra4 a5 30. R4xa5 Rg4 31. Rc8 Ke7 32. Rh5 Rg7 33. Rc2 Bb6 34. a4 f5 35. Ra2 Rd3 36. Bc4 Rd4 37. Be2 Ba5 38. f3 Kf7 39. Kf2 Kg6 40. g4 Bb6 41. a5 Ra4+ 42. axb6 Rxa2 43. Rh4 Rb2 44. f4 Rxb6 45. g5 Kf7 0-1

[Event "HUN-chT2 Maroczy 0405"]
[Site "Hungary"]
[Date "2004.12.19"]
[Round "5"]
[White "Somodi, Krisztian"]
[Black "Varadi, Alexandra"]
[Result "1-0"]
[WhiteElo "1860"]
[BlackElo "1952"]
[PlyCount "63"]
[EventDate "2004.09.26"]
[EventType "team"]
[EventRounds "11"]
[EventCountry "HUN"]
[SourceTitle "EXT 2008"]
[Source "ChessBase"]
[SourceDate "2007.11.25"]
[SourceVersion "1"]
[SourceVersionDate "2007.11.25"]
[SourceQuality "1"]
[WhiteTeam "Biogal"]
[BlackTeam "Edeleny"]
[WhiteTeamCountry "HUN"]
[BlackTeamCountry "HUN"]

1. e4 c6 2. d4 d5 3. e5 Bf5 4. g4 Bd7 5. f4 e6 6. Nf3 c5 7. Be3 Qb6 8. dxc5 Bxc5 9. Bxc5 Qxc5 10. Qd2 Ne7 11. Nc3 h5 12. gxh5 Nf5 13. 0-0-0 Nc6 14. Nb5 Nxe5 15. Nxe5 Bxb5 16. Qa5 Qe3+ 17. Kb1 Bc6 18. Bb5 Ne7 19. Rde1 Qb6 20. Bxc6+ bxc6 21. Qc3 Rb8 22. Rhg1 Rxh5 23. Rxg7 Rh3 24. Rg3 d4 25. Rxh3 dxc3 26. Rh8+ Ng8 27. Rxg8+ Ke7 28. Rxb8 Qa6 29. Rd1 Kf6 30. Rf8 Kg7 31. Rxf7+ Kh6 32. Rd3 1-0

[Event "HUN-ch U18 Girls"]
[Site "Miskolc"]
[Date "2004.07.11"]
[Round "6"]
[White "Simon, Krisztina"]
[Black "Varadi, Alexandra"]
[Result "0-1"]
[WhiteElo "1708"]
[BlackElo "1952"]
[PlyCount "82"]
[EventDate "2004.07.05"]
[EventType "tourn"]
[EventRounds "7"]
[EventCountry "HUN"]
[SourceTitle "EXT 2008"]
[Source "ChessBase"]
[SourceDate "2007.11.25"]
[SourceVersion "1"]
[SourceVersionDate "2007.11.25"]
[SourceQuality "1"]

1. e4 c6 2. c4 e5 3. Nf3 d6 4. Nc3 Bg4 5. Be2 Be7 6. 0-0 Bxf3 7. Bxf3 Na6 8. d3 Bg5 9. Ne2 Bxc1 10. Rxc1 Qe7 11. Re1 Rb8 12. d4 Nh6 13. d5 c5 14. Nc3 0-0 15. Nb5 b6 16. Qa4 Nb4 17. Re3 a5 18. a3 Na6 19. b4 cxb4 20. axb4 Nxb4 21. Rec3 Qd7 22. Qa3 Rbc8 23. h3 Qe7 24. Be2 Rc5 25. Bf1 f5 26. f3 f4 27. Qb2 Kh8 28. Ra3 Ng8 29. Qf2 Rb8 30. Rac3 Nf6 31. Qb2 Nh5 32. Be2 Ng3 33. Bd1 Rbc8 34. Bb3 Nh5 35. Qf2 Nd3 36. Rxd3 Rxb5 37. Qd2 Rb4 38. Ra1 Qc7 39. Qa2 Qc5+ 40. Kh1 Ra8 41. Qc2 b5 0-1

[Event "HUN-ch U18 Girls"]
[Site "Miskolc"]
[Date "2004.07.09"]
[Round "4"]
[White "Hazir, Barbara"]
[Black "Varadi, Alexandra"]
[Result "1/2-1/2"]
[WhiteElo "1727"]
[BlackElo "1952"]
[PlyCount "104"]
[EventDate "2004.07.05"]
[EventType "tourn"]
[EventRounds "7"]
[EventCountry "HUN"]
[SourceTitle "EXT 2008"]
[Source "ChessBase"]
[SourceDate "2007.11.25"]
[SourceVersion "1"]
[SourceVersionDate "2007.11.25"]
[SourceQuality "1"]

1. e4 c6 2. d4 d5 3. Nc3 dxe4 4. Nxe4 Nd7 5. Nf3 Ngf6 6. Ng3 e6 7. Bd2 c5 8. Bd3 b6 9. 0-0 Bb7 10. dxc5 Bxc5 11. h3 Qc7 12. Kh1 Bxf2 13. Rxf2 Qxg3 14. Qe2 0-0 15. Bc3 Nd5 16. Bd2 Nc5 17. Ne5 f6 18. Ng4 Nxd3 19. cxd3 Qd6 20. Raf1 Rac8 21. Ne3 Nxe3 22. Bxe3 Ba6 23. Rd1 Qd5 24. b3 Rc3 25. Qg4 Rxd3 26. Rxd3 Bxd3 27. Rd2 Qe4 28. Qxe4 Bxe4 29. Rd7 Ra8 30. Kg1 Kf8 31. Kf2 g5 32. Bc1 Ke8 33. Rg7 a5 34. Be3 Kf8 35. Rc7 Rb8 36. g3 b5 37. Bc5+ Kg8 38. h4 h6 39. hxg5 hxg5 40. Re7 Bd5 41. Ra7 a4 42. bxa4 bxa4 43. Be7 Rb2+ 44. Ke3 Rxa2 45. Bxf6 Ra3+ 46. Kd4 Rxg3 47. Rg7+ Kf8 48. Rxg5 Rxg5 49. Bxg5 a3 50. Bc1 a2 51. Bb2 Ke7 52. Ke5 Kd7 1/2-1/2

[Event "Zuzmara op"]
[Site "Aggtelek"]
[Date "2004.02.07"]
[Round "7"]
[White "Kiss, Ferenc Jozsef"]
[Black "Varadi, Alexandra"]
[Result "1/2-1/2"]
[WhiteElo "2010"]
[BlackElo "1971"]
[PlyCount "23"]
[EventDate "2004.02.04"]
[EventType "swiss"]
[EventRounds "7"]
[EventCountry "HUN"]
[SourceTitle "EXT 2008"]
[Source "ChessBase"]
[SourceDate "2007.11.25"]
[SourceVersion "1"]
[SourceVersionDate "2007.11.25"]
[SourceQuality "1"]

1. Nf3 c6 2. c4 Nf6 3. Nc3 d5 4. e3 Bg4 5. b3 e6 6. Be2 Nbd7 7. 0-0 Qc7 8. d4 Bb4 9. Bb2 Bxc3 10. Bxc3 Ne4 11. Bb2 Ndf6 12. Ne5 1/2-1/2

[Event "Zuzmara op"]
[Site "Aggtelek"]
[Date "2004.02.06"]
[Round "5"]
[White "Pali, Gabor"]
[Black "Varadi, Alexandra"]
[Result "0-1"]
[WhiteElo "2074"]
[BlackElo "1971"]
[PlyCount "58"]
[EventDate "2004.02.04"]
[EventType "swiss"]
[EventRounds "7"]
[EventCountry "HUN"]
[SourceTitle "EXT 2008"]
[Source "ChessBase"]
[SourceDate "2007.11.25"]
[SourceVersion "1"]
[SourceVersionDate "2007.11.25"]
[SourceQuality "1"]

1. d4 d5 2. c4 c6 3. Nf3 Nf6 4. Nc3 e6 5. cxd5 exd5 6. Bg5 Be7 7. e3 Bf5 8. Bd3 Bg6 9. a3 Nbd7 10. 0-0 Ne4 11. Bxe7 Qxe7 12. Qc2 Ndf6 13. Ne5 Nxc3 14. bxc3 Rc8 15. a4 0-0 16. Bxg6 hxg6 17. a5 c5 18. Rfb1 cxd4 19. exd4 Rc7 20. f3 Rfc8 21. Rb3 Nh5 22. Re1 Qg5 23. Nd3 Qf6 24. Qd2 Rxc3 25. Nc5 Rxb3 26. Nxb3 Qh4 27. Qb4 Rc2 28. Re8+ Kh7 29. Qf8 Qf2+ 0-1

[Event "Zuzmara op"]
[Site "Aggtelek"]
[Date "2004.02.06"]
[Round "4"]
[White "Varadi, Alexandra"]
[Black "Szabo, Leon"]
[Result "1/2-1/2"]
[WhiteElo "1971"]
[BlackElo "2103"]
[PlyCount "56"]
[EventDate "2004.02.04"]
[EventType "swiss"]
[EventRounds "7"]
[EventCountry "HUN"]
[SourceTitle "EXT 2008"]
[Source "ChessBase"]
[SourceDate "2007.11.25"]
[SourceVersion "1"]
[SourceVersionDate "2007.11.25"]
[SourceQuality "1"]

1. d4 Nf6 2. c4 Nc6 3. Nc3 e6 4. e4 Bb4 5. Qd3 0-0 6. e5 Ne8 7. f4 d6 8. Nf3 dxe5 9. fxe5 f6 10. exf6 Nxf6 11. Bg5 Qd6 12. Bxf6 Rxf6 13. 0-0-0 Bxc3 14. Qxc3 Nb4 15. Qb3 a5 16. a3 Nc6 17. c5 Qf4+ 18. Kb1 a4 19. Qc3 Bd7 20. Bc4 Na5 21. Ne5 Be8 22. Rhf1 Qe4+ 23. Ka1 Nxc4 24. Qxc4 Qd5 25. Qxd5 exd5 26. Rxf6 gxf6 27. Ng4 Kf7 28. Rf1 Kg6 1/2-1/2

[Event "Zuzmara op"]
[Site "Aggtelek"]
[Date "2004.02.05"]
[Round "3"]
[White "Ruszin, Anna"]
[Black "Varadi, Alexandra"]
[Result "1/2-1/2"]
[WhiteElo "1949"]
[BlackElo "1971"]
[PlyCount "82"]
[EventDate "2004.02.04"]
[EventType "swiss"]
[EventRounds "7"]
[EventCountry "HUN"]
[SourceTitle "EXT 2008"]
[Source "ChessBase"]
[SourceDate "2007.11.25"]
[SourceVersion "1"]
[SourceVersionDate "2007.11.25"]
[SourceQuality "1"]

1. e4 c6 2. d4 d5 3. exd5 cxd5 4. c4 Nf6 5. Nc3 e6 6. Nf3 Nc6 7. Bf4 Bb4 8. a3 Bxc3+ 9. bxc3 Ne4 10. Qc2 Qa5 11. Bd2 0-0 12. Bd3 f5 13. 0-0 Qc7 14. cxd5 exd5 15. c4 Nxd2 16. Qxd2 Na5 17. cxd5 Nb3 18. Qa2 Qc3 19. Rad1 Bd7 20. Bc2 Na5 21. Ne5 Bb5 22. Bd3 Ba4 23. Qd2 Qxd4 24. Rde1 Nb3 25. Qe3 Qb2 26. Rb1 Qd2 27. Qh3 Qf4 28. Rfe1 Rae8 29. Qe3 Qxe3 30. Rxe3 Rd8 31. d6 Na5 32. Nc4 Nxc4 33. Bxc4+ Kh8 34. Re6 b6 35. Bb5 Bxb5 36. Rxb5 g6 37. Rd5 Rd7 38. Re1 Rfd8 39. Red1 Kg7 40. f4 Kf6 41. Kf2 Ke6 1/2-1/2

[Event "HUN-chT2 Maroczy 0304"]
[Site "Hungary"]
[Date "2004.01.25"]
[Round "6"]
[White "Kosa, Peter"]
[Black "Varadi, Alexandra"]
[Result "1-0"]
[WhiteElo "2129"]
[BlackElo "1988"]
[PlyCount "53"]
[EventDate "2003.09.28"]
[EventType "team"]
[EventRounds "11"]
[EventCountry "HUN"]
[SourceTitle "EXT 2005"]
[Source "ChessBase"]
[SourceDate "2004.11.15"]
[SourceVersion "1"]
[SourceVersionDate "2004.11.15"]
[SourceQuality "1"]

1. e4 c6 2. d4 d5 3. Nc3 dxe4 4. Nxe4 Nd7 5. Bc4 e6 6. Nf3 Ngf6 7. Nxf6+ Nxf6 8. 0-0 Qc7 9. Qe2 Bd6 10. Bg5 Bd7 11. Ne5 Nd5 12. f4 g6 13. Bxd5 cxd5 14. Bf6 Rg8 15. c3 Rc8 16. Qd2 Bb5 17. Rf2 h5 18. Re1 Be7 19. Bxe7 Kxe7 20. Qe3 Kf8 21. Nf3 Qc4 22. Ng5 Bd7 23. Qe5 Ke7 24. Nh7 Bc6 25. Qf6+ Ke8 26. Ng5 Kd7 27. Qxf7+ 1-0

[Event "HUN-chT2 Maroczy 0304"]
[Site "Hungary"]
[Date "2003.11.16"]
[Round "3"]
[White "Varadi, Alexandra"]
[Black "Jacso, Adam"]
[Result "0-1"]
[WhiteElo "1988"]
[BlackElo "1987"]
[PlyCount "84"]
[EventDate "2003.09.28"]
[EventType "team"]
[EventRounds "11"]
[EventCountry "HUN"]
[SourceTitle "EXT 2005"]
[Source "ChessBase"]
[SourceDate "2004.11.15"]
[SourceVersion "1"]
[SourceVersionDate "2004.11.15"]
[SourceQuality "1"]

1. d4 Nf6 2. c4 g6 3. Nc3 Bg7 4. e4 d6 5. h3 0-0 6. Bg5 h6 7. Bh4 Nbd7 8. Nf3 c6 9. Qc2 e5 10. d5 c5 11. a3 g5 12. Bg3 Nh5 13. Bh2 Nf4 14. Bxf4 exf4 15. Bd3 Ne5 16. 0-0-0 Bd7 17. Nxe5 Bxe5 18. Be2 a6 19. Bg4 b5 20. Nb1 bxc4 21. Bxd7 Qxd7 22. Nd2 c3 23. bxc3 Qb5 24. a4 Qa5 25. Nc4 Qc7 26. Nxe5 dxe5 27. Qe2 Rab8 28. Qa2 Rb6 29. Kc2 Rfb8 30. Rb1 c4 31. Rxb6 Qxb6 32. Rf1 Qc5 33. Kd2 Rb3 34. g3 f3 35. g4 Kh7 36. Qc2 Qb6 37. Kc1 Qa5 38. Kd2 Qc5 39. Qc1 Qb6 40. Kc2 Qa5 41. Kd2 Qxa4 42. Rd1 Qa2+ 0-1

[Event "HUN-chT2 Maroczy 0203"]
[Site "Hungary"]
[Date "2002.10.13"]
[Round "2.8"]
[White "Varadi, Alexandra"]
[Black "Kormos, Lajos"]
[Result "0-1"]
[WhiteElo "2041"]
[BlackElo "2114"]
[PlyCount "86"]
[EventDate "2002.09.22"]
[EventType "team"]
[EventRounds "11"]
[EventCountry "HUN"]
[SourceTitle "EXT 2004"]
[Source "ChessBase"]
[SourceDate "2003.11.25"]
[SourceVersion "1"]
[SourceVersionDate "2003.11.25"]
[SourceQuality "1"]
[WhiteTeam "Edeleny"]
[BlackTeam "Metroepszolg"]
[WhiteTeamCountry "HUN"]
[BlackTeamCountry "HUN"]

1. d4 Nf6 2. c4 e6 3. Nf3 b6 4. Nc3 Bb7 5. Bf4 Bb4 6. a3 Bxc3+ 7. bxc3 0-0 8. e3 d6 9. Bd3 Nbd7 10. Qc2 Re8 11. Bg5 h6 12. Bxf6 Qxf6 13. Be4 c6 14. 0-0 Qe7 15. Nd2 Nf6 16. Bf3 e5 17. e4 Rec8 18. Rfb1 Rc7 19. a4 d5 20. a5 bxa5 21. cxd5 cxd5 22. exd5 Bxd5 23. Bxd5 Nxd5 24. Qe4 Rd8 25. Qxe5 Qxe5 26. dxe5 Nxc3 27. Rb2 Rcd7 28. Nf1 Rd1 29. Rxd1 Rxd1 30. Rc2 Rd3 31. g3 a4 32. Kg2 a3 33. Nd2 a2 34. Nb3 a5 35. Na1 a4 36. h3 Kf8 37. h4 Ke7 38. Kh3 h5 39. f4 Ke6 40. Rc1 Rd1 41. Rxd1 Nxd1 42. Kg2 Ne3+ 43. Kf2 Nc4 0-1

[Event "Szombathely Savaria op 2nd"]
[Site "Szombathely"]
[Date "2002.07.26"]
[Round "1"]
[White "Czebe, Attila"]
[Black "Varadi, Alexandra"]
[Result "1-0"]
[WhiteElo "2480"]
[BlackElo "2041"]
[PlyCount "47"]
[EventDate "2002.07.26"]
[EventType "swiss"]
[EventRounds "9"]
[EventCountry "HUN"]
[SourceTitle "CBM 089 Extra"]
[Source "ChessBase"]
[SourceDate "2002.09.10"]
[SourceVersion "2"]
[SourceVersionDate "2002.09.10"]
[SourceQuality "1"]

1. d4 d5 2. c4 e6 3. Nc3 c6 4. e3 Nf6 5. Nf3 dxc4 6. Bxc4 b5 7. Bb3 Bb7 8. 0-0 Bd6 9. e4 Bc7 10. e5 Nd5 11. Ne4 Nd7 12. Qd3 a5 13. Bg5 Qb8 14. Rac1 h6 15. Bd2 Bb6 16. Nd6+ Ke7 17. Nh4 c5 18. Nxb7 Qxb7 19. Qxb5 cxd4 20. Nf5+ exf5 21. Bxd5 Qa6 22. Qc6 Rac8 23. Qd6+ Kd8 24. Bxf7 1-0

[Event "Cseppko op-A 11th"]
[Site "Aggtelek"]
[Date "2002.07.20"]
[Round "8"]
[White "Varadi, Alexandra"]
[Black "Horvath, Karoly"]
[Result "0-1"]
[WhiteElo "2041"]
[BlackElo "2113"]
[PlyCount "40"]
[EventDate "2002.07.??"]
[EventType "swiss"]
[EventRounds "9"]
[EventCountry "HUN"]
[SourceTitle "EXT 2004"]
[Source "ChessBase"]
[SourceDate "2003.11.25"]
[SourceVersion "1"]
[SourceVersionDate "2003.11.25"]
[SourceQuality "1"]

1. d4 d5 2. c4 dxc4 3. e3 e5 4. Bxc4 exd4 5. exd4 Bd6 6. Nf3 Nf6 7. Nc3 0-0 8. 0-0 Bg4 9. Qd3 Nc6 10. Ng5 Nb4 11. Nxf7 Rxf7 12. Bxf7+ Kxf7 13. Qb5 Bd7 14. Qg5 Nc2 15. Rb1 Nxd4 16. Be3 Nf5 17. Bc1 h6 18. Qd2 Bc6 19. g3 Qd7 20. b4 Nh4 0-1

[Event "Cseppko op-A 11th"]
[Site "Aggtelek"]
[Date "2002.07.17"]
[Round "3"]
[White "Dede, Erno"]
[Black "Varadi, Alexandra"]
[Result "1-0"]
[WhiteElo "2360"]
[BlackElo "2041"]
[PlyCount "83"]
[EventDate "2002.07.??"]
[EventType "swiss"]
[EventRounds "9"]
[EventCountry "HUN"]
[SourceTitle "EXT 2004"]
[Source "ChessBase"]
[SourceDate "2003.11.25"]
[SourceVersion "1"]
[SourceVersionDate "2003.11.25"]
[SourceQuality "1"]

1. e4 c6 2. Ne2 d5 3. e5 Bf5 4. Ng3 Bg6 5. h4 h6 6. h5 Bh7 7. e6 fxe6 8. d4 Nf6 9. Bd3 Qc7 10. Bxh7 Nxh7 11. f4 Nd7 12. 0-0 Nhf6 13. Re1 Rg8 14. Qd3 0-0-0 15. Rxe6 c5 16. c3 cxd4 17. b4 Qc4 18. Qxd4 Qxd4+ 19. cxd4 Nb6 20. f5 Nc4 21. Bf4 Ne8 22. Nd2 Nc7 23. Bxc7 Kxc7 24. Rc1 b5 25. a4 a6 26. Nb3 Rd6 27. Nc5 bxa4 28. Ne2 Rxe6 29. Nxe6+ Kd6 30. N2f4 g5 31. hxg6 Ne3 32. Ra1 Kc6 33. Rxa4 Kb5 34. Ra5+ Kxb4 35. Rxa6 Bg7 36. Nxg7 Rxg7 37. Nh5 Rg8 38. g4 Nxg4 39. Re6 Kc4 40. Rxe7 Kxd4 41. g7 Kc3 42. f6 1-0

[Event "HUN-ch U20 Girls"]
[Site "Paks"]
[Date "2002.04.02"]
[Round "9"]
[White "Horvath, Reka"]
[Black "Varadi, Alexandra"]
[Result "0-1"]
[WhiteElo "2052"]
[BlackElo "2000"]
[PlyCount "104"]
[EventDate "2002.03.27"]
[EventType "tourn"]
[EventRounds "9"]
[EventCountry "HUN"]
[SourceTitle "EXT 2004"]
[Source "ChessBase"]
[SourceDate "2003.11.25"]
[SourceVersion "1"]
[SourceVersionDate "2003.11.25"]
[SourceQuality "1"]

1. Nf3 d5 2. g3 c6 3. Bg2 Bg4 4. d4 Nf6 5. 0-0 e6 6. c4 Bd6 7. Nc3 Nbd7 8. Nd2 Bf5 9. e4 dxe4 10. Ndxe4 Nxe4 11. Nxe4 Nf6 12. Nxd6+ Qxd6 13. Bf4 Qd7 14. Re1 0-0 15. Bg5 h6 16. Bxf6 gxf6 17. Be4 Bg6 18. Qd2 Kg7 19. Qe3 f5 20. Bf3 Rad8 21. Rad1 Qc7 22. d5 cxd5 23. cxd5 exd5 24. Qxa7 Kh7 25. Bxd5 Qc2 26. Qb6 Rfe8 27. Qxb7 Re2 28. Rc1 Rxe1+ 29. Rxe1 Qd2 30. Re5 Qd4 31. Re7 Qxd5 32. Qxd5 Rxd5 33. b4 Bh5 34. Kg2 Rb5 35. a3 Rb8 36. Re1 f6 37. Rb1 Be8 38. Kf3 Rc8 39. Kf4 Rc4+ 40. Ke3 Rc3+ 41. Kd4 Rxa3 42. Kc5 Ra2 43. b5 Ra5 44. Kb6 Rxb5+ 45. Rxb5 Bxb5 46. Kxb5 Kg6 47. Kc5 Kg5 48. f3 f4 49. h4+ Kh5 50. g4+ Kxh4 51. Kd4 Kh3 52. Kd5 Kg2 0-1

[Event "HUN-ch U20 Girls"]
[Site "Paks"]
[Date "2002.03.31"]
[Round "6"]
[White "Varadi, Alexandra"]
[Black "Rudolf, Anna"]
[Result "0-1"]
[WhiteElo "2000"]
[BlackElo "2035"]
[PlyCount "44"]
[EventDate "2002.03.27"]
[EventType "tourn"]
[EventRounds "9"]
[EventCountry "HUN"]
[SourceTitle "EXT 2004"]
[Source "ChessBase"]
[SourceDate "2003.11.25"]
[SourceVersion "1"]
[SourceVersionDate "2003.11.25"]
[SourceQuality "1"]

1. d4 e6 2. c4 Bb4+ 3. Bd2 a5 4. Nc3 d6 5. a3 Bxc3 6. Bxc3 Nf6 7. Qc2 Nc6 8. e3 e5 9. dxe5 dxe5 10. Rd1 Qe7 11. Nf3 0-0 12. Be2 a4 13. 0-0 Bg4 14. h3 Bh5 15. Nxe5 Nxe5 16. Bxh5 Nxh5 17. Bxe5 Qxe5 18. Rd5 Qe6 19. Rxh5 f5 20. Rh4 c5 21. g4 Qe7 22. Rh5 g6 0-1